000 00427nam a2200181Ia 4500
001 3108
003 IN-NITTTR
005 20251114232942.0
008 251113s9999||||xx |||||||||||||| ||eng||
040 _beng
040 _cIN-NITTTR
041 _aeng
082 _a624.1772 J73Y
100 _aJones, L. L.
245 0 _aYield-line analysis of slabs. /
_cJones, L. L., Wood, R.H.
700 _a Wood, R.H.
942 _2ddc
_cBK
999 _c5107
_d5107